Statistics for Bible Misquotes

Click here to take the quiz!

General Stats

  • This quiz has been taken 292 times
  • The average score is 10 of 13

Answer Stats

HintAnswer% Correct
Money is the root of all _____evil
97%
God works in ___________ waysmysterious
94%
God helps those who help ________themselves
89%
Hate the sin, love the _________sinner
86%
Spare the rod and spoil the ______child
84%
Pride goes before a ______fall
84%
Cleanliness is next to ___________godliness
84%
The lion shall lay down with the _____lamb
81%
This too shall _______pass
81%
God will not give you more than you can _______handle
80%
To thine own self be _____true
71%
Neither a Borrower Nor a ________ belender
70%
An idle mind is the devil's __________workshop
34%

Score Distribution

Percentile by Number Answered

Percent of People with Each Score

Your Score History

You have not taken this quiz